El cultivo del pistacho.

সংরক্ষণ করুন:
গ্রন্থ-পঞ্জীর বিবরন
প্রধান লেখক: Couceiro López, José Francisco (autor)
অন্যান্য লেখক: Guerrero Villaseñor, Julián (autor), Gijón López, María Carmen (autora), Moriana Elvira, Alfonso (autor), Pérez López, David (autor), Rodríguez de Francisco, Marina (autora)
বিন্যাস: অজ্ঞাত
প্রকাশিত: Madrid, España: Ediciones Mundi Prensa; Fundación Vicente Ferrer; Castilla - LaMancha, 2017.
সংস্করন:2a.edición.
বিষয়গুলি:
ট্যাগগুলো: ট্যাগ যুক্ত করুন
কোনো ট্যাগ নেই, প্রথমজন হিসাবে ট্যাগ করুন!

MARC

LEADER 00000 a2200000 4500
003 CL-VaPUC
005 20230928101059.0
008 230913t2017 ||||| |||| 00| 0 eng d
999 |c 441605  |d 441603 
020 |a 9788484767220 
040 |c Pontificia Universidad Católica de Valparaíso 
082 7 |a 634.574 COU 2017  |2 22 
100 |a Couceiro López, José Francisco  |9 586655  |e autor 
245 1 3 |a El cultivo del pistacho. 
250 |a 2a.edición. 
260 |a Madrid, España:   |b Ediciones Mundi Prensa;  |b Fundación Vicente Ferrer;   |b Castilla - LaMancha,   |c 2017. 
300 |a 729 páginas.  
583 |k GC  |c 20230913 
650 0 |a Pistacho  |9 325349  |x Cultivo  
650 0 |a Pistacho   |x Fenología  |9 884639 
650 0 |a Pistacho   |x Plagas y enfermedades   |9 884640 
700 |a Guerrero Villaseñor, Julián  |9 586656  |e autor 
700 |a Gijón López, María Carmen  |9 586657  |e autora 
700 |a Moriana Elvira, Alfonso  |9 586658  |e autor 
700 |a Pérez López, David  |9 586659  |e autor 
700 |a Rodríguez de Francisco, Marina  |9 586660  |e autora 
942 |2 ddc  |c BK 
952 |0 0  |1 0  |2 ddc  |4 0  |6 634_574000000000000_COU_2017  |7 0  |8 A  |9 591550  |a BIBAGR  |b BIBAGR  |c GEN  |d 2023-09-13  |e 3  |g 42699.00  |i 5658694  |o 634.574 COU 2017  |p 5658694  |r 2025-01-20  |t 1  |v 42699.00  |w 2023-09-13  |y BK  |k AGR 
952 |0 0  |1 0  |2 ddc  |4 0  |6 634_574000000000000_COU_2017  |7 0  |8 A  |9 591551  |a BIBAGR  |b BIBAGR  |c GEN  |d 2023-09-13  |e 3  |g 42699.00  |i 5658695  |o 634.574 COU 2017  |p 5658695  |r 2025-01-20  |t 2  |v 42699.00  |w 2023-09-13  |y BK  |k AGR